00245nam a22000857a 4500020001800000100001300018245006500031260005400096300000900150 a9789698535643 aAli Shah aPakistan in the contemporary international system cAli Shah aIslamabadbNUST Institute of Policy Studiesc2020 a216p